000 00354nam a2200145Ia 4500
008 231129s1977||||xx |||||||||||||| ||spa||
020 _a84-335-7559-7
040 _bspa
082 _a759.06 S839m
100 _aSterner Gabriele
245 0 _aModernismos
260 _c1977
264 _aLabor
942 _2ddc
_cBKS
999 _c21350
_d21350